| 000 | 00606nam a22002177a 4500 | ||
|---|---|---|---|
| 005 | 20251108165002.0 | ||
| 008 | 250721s1987 xx 000 0 ara d | ||
| 082 | 1 | 4 | _a923.5/عقب |
| 100 | 1 | _aالعسلي، بسام | |
| 245 | 1 | 0 | _aعقبة بن نافع / |
| 250 | _aط7. | ||
| 264 | 1 |
_aبيروت : _bدار النفائس، _c1987. |
|
| 300 | _a174ص | ||
| 490 | 0 | _aمشاهير قادة الإسلام ؛ 1 | |
| 650 | 1 | 7 | _aالقادة العسكريون |
| 650 | 1 | 7 | _aالتراجم |
| 650 | 1 | 7 | _aالأسلحة |
| 650 | 1 | 7 | _aالعهد الأموي |
| 942 |
_2ddc _cBK |
||
| 999 |
_c19135 _d19135 |
||